[Event "Madrid-chT 2223"]
[Site "Madrid"]
[Date "2023.01.28"]
[Round "7.2"]
[White "Fernandez Blazquez, Diego"]
[Black "Taboas Rodriguez, Daniel"]
[Result "0-1"]
[WhiteElo "2226"]
[BlackElo "2368"]
[PlyCount "66"]
[EventDate "2022.11.20"]
[EventType "team-tourn"]
[EventRounds "14"]
[EventCountry "ESP"]
[SourceTitle "Ajedrez en Madrid"]
[Source "lmi"]
[SourceDate "2022.11.21"]
[SourceVersion "1"]
[SourceVersionDate "2023.03.23"]
[SourceQuality "1"]
[WhiteTeam "San Fernando de Henares"]
[BlackTeam "Blanco y Negro"]
[WhiteTeamCountry "ESP"]
[BlackTeamCountry "ESP"]

1. e4 e5 2. Nf3 Nc6 3. Bc4 Nf6 4. d3 Bc5 5. O-O d6 6. c3 a6 7. a4 Ba7 8. Re1 h6
9. b4 O-O 10. h3 Be6 11. Nbd2 Qd7 12. a5 Ne7 13. Nf1 Ng6 14. Be3 Bxc4 15. dxc4
Bxe3 16. Rxe3 Qe6 17. N3d2 Nf4 18. Ng3 Kh7 19. Ne2 N6h5 20. Nxf4 Nxf4 21. Qg4
f5 22. exf5 Rxf5 23. h4 Raf8 24. Rf1 R8f6 25. Qd1 Rh5 26. Rg3 Rxh4 27. Re1 Rg6
28. Qc2 Rhg4 29. Rxg4 Qxg4 30. g3 Kh8 31. Qe4 Rf6 32. Kf1 Nh3 33. Re2 Qxg3 0-1

[Event "Madrid-chT 2223"]
[Site "Madrid"]
[Date "2023.01.28"]
[Round "7.3"]
[White "Hidalgo Duque, Carlos"]
[Black "Perez Gonzalez, Jose Manuel"]
[Result "1/2-1/2"]
[WhiteElo "2236"]
[BlackElo "2212"]
[PlyCount "37"]
[EventDate "2022.11.20"]
[EventType "team-tourn"]
[EventRounds "14"]
[EventCountry "ESP"]
[SourceTitle "Ajedrez en Madrid"]
[Source "lmi"]
[SourceDate "2022.11.21"]
[SourceVersion "1"]
[SourceVersionDate "2023.03.23"]
[SourceQuality "1"]
[WhiteTeam "Blanco y Negro"]
[BlackTeam "San Fernando de Henares"]
[WhiteTeamCountry "ESP"]
[BlackTeamCountry "ESP"]

1. Nf3 g6 2. c4 c5 3. Nc3 Bg7 4. e3 Nf6 5. d4 cxd4 6. exd4 d5 7. Be2 O-O 8. O-O
dxc4 9. Bxc4 Bg4 10. Be3 Nc6 11. d5 Bxf3 12. Qxf3 Ne5 13. Qe2 Nxc4 14. Qxc4 Qd7
15. Rad1 Ne8 16. Bd4 Nd6 17. Qe2 Rfe8 18. Rfe1 e5 19. dxe6 1/2-1/2

[Event "Madrid-chT 2223"]
[Site "Madrid"]
[Date "2023.01.28"]
[Round "7.4"]
[White "Garrido Olivares, Ricard"]
[Black "Lang, Zalan Andreas"]
[Result "0-1"]
[WhiteElo "2186"]
[BlackElo "2218"]
[PlyCount "80"]
[EventDate "2022.11.20"]
[EventType "team-tourn"]
[EventRounds "14"]
[EventCountry "ESP"]
[SourceTitle "Ajedrez en Madrid"]
[Source "lmi"]
[SourceDate "2022.11.21"]
[SourceVersion "1"]
[SourceVersionDate "2023.03.23"]
[SourceQuality "1"]
[WhiteTeam "San Fernando de Henares"]
[BlackTeam "Blanco y Negro"]
[WhiteTeamCountry "ESP"]
[BlackTeamCountry "ESP"]

1. Nf3 Nf6 2. e3 c5 3. d4 g6 4. dxc5 Qa5+ 5. Nbd2 Qxc5 6. a3 Bg7 7. b4 Qc7 8.
Bb2 O-O 9. c4 b6 10. Be2 Bb7 11. O-O d6 12. Rc1 Nbd7 13. Qb3 Rac8 14. Rfd1 Rfd8
15. Ne1 Ne5 16. Ndf3 Nxf3+ 17. Bxf3 a6 18. Bxb7 Qxb7 19. Nd3 Rc7 20. Nf4 Rcd7
21. Qa2 b5 22. Qa1 bxc4 23. Rxc4 e5 24. Ne2 Nd5 25. Rc2 Nb6 26. Rcd2 Qc6 27.
Rc1 Qa4 28. Qa2 d5 29. Rc5 Rd6 30. Ra5 Qd7 31. Rxa6 Qb7 32. b5 Nc4 33. Rxd6
Rxd6 34. Rd1 Qxb5 35. Bc1 d4 36. exd4 exd4 37. Qc2 h6 38. Nf4 Ne5 39. Bb2 Rc6
40. Qb1 Rb6 0-1

[Event "Madrid-chT 2223"]
[Site "Madrid"]
[Date "2023.01.28"]
[Round "7.5"]
[White "Renteria Becerra, Jorge Elicer"]
[Black "Gallego Bergada, Antoni"]
[Result "1/2-1/2"]
[WhiteElo "2209"]
[BlackElo "2138"]
[PlyCount "61"]
[EventDate "2022.11.20"]
[EventType "team-tourn"]
[EventRounds "14"]
[EventCountry "ESP"]
[SourceTitle "Ajedrez en Madrid"]
[Source "lmi"]
[SourceDate "2022.11.21"]
[SourceVersion "1"]
[SourceVersionDate "2023.03.23"]
[SourceQuality "1"]
[WhiteTeam "Blanco y Negro"]
[BlackTeam "San Fernando de Henares"]
[WhiteTeamCountry "ESP"]
[BlackTeamCountry "ESP"]

1. e4 c5 2. Nf3 d6 3. d4 cxd4 4. Qxd4 Nc6 5. Bb5 Bd7 6. Bxc6 Bxc6 7. Nc3 Nf6 8.
Bg5 e6 9. O-O-O Be7 10. Qd3 Qa5 11. h4 h6 12. Bd2 Qa6 13. Nd4 Qxd3 14. cxd3 Ng4
15. Nxc6 bxc6 16. Rdf1 Bf6 17. f3 Ne5 18. Kc2 c5 19. g4 Kd7 20. g5 hxg5 21.
hxg5 Be7 22. f4 Nc6 23. Ne2 Nb4+ 24. Bxb4 cxb4 25. Kb3 Rxh1 26. Rxh1 e5 27.
Kxb4 d5+ 28. Kb3 Rb8+ 29. Kc2 Rc8+ 30. Kb3 Rb8+ 31. Kc2 1/2-1/2

[Event "Madrid-chT 2223"]
[Site "Madrid"]
[Date "2023.01.29"]
[Round "7.1"]
[White "Reyes Larena, Juan"]
[Black "Pulvett Marin, Daniel Eduardo"]
[Result "1/2-1/2"]
[WhiteElo "2433"]
[BlackElo "2509"]
[PlyCount "31"]
[EventDate "2022.11.20"]
[EventType "team-tourn"]
[EventRounds "14"]
[EventCountry "ESP"]
[SourceTitle "Ajedrez en Madrid"]
[Source "lmi"]
[SourceDate "2022.11.21"]
[SourceVersion "1"]
[SourceVersionDate "2023.03.23"]
[SourceQuality "1"]
[WhiteTeam "San Sebastian de los Reyes"]
[BlackTeam "Collado Villalba"]
[WhiteTeamCountry "ESP"]
[BlackTeamCountry "ESP"]

1. e4 c5 2. Nf3 d6 3. d4 cxd4 4. Nxd4 Nf6 5. Nc3 a6 6. Be2 e5 7. Nb3 Be7 8. Bg5
Be6 9. Bxf6 Bxf6 10. Qd3 O-O 11. Rd1 Be7 12. Nd5 Bxd5 13. Qxd5 Qc7 14. c3 Nd7
15. O-O b5 16. Rfe1 1/2-1/2

[Event "Madrid-chT 2223"]
[Site "Madrid"]
[Date "2023.01.29"]
[Round "7.2"]
[White "Alonso Garcia, Aaron"]
[Black "Rottenwohrer Suarez, Juan"]
[Result "1-0"]
[WhiteElo "2425"]
[BlackElo "2321"]
[PlyCount "137"]
[EventDate "2022.11.20"]
[EventType "team-tourn"]
[EventRounds "14"]
[EventCountry "ESP"]
[SourceTitle "Ajedrez en Madrid"]
[Source "lmi"]
[SourceDate "2022.11.21"]
[SourceVersion "1"]
[SourceVersionDate "2023.03.23"]
[SourceQuality "1"]
[WhiteTeam "Collado Villalba"]
[BlackTeam "San Sebastian de los Reyes"]
[WhiteTeamCountry "ESP"]
[BlackTeamCountry "ESP"]

1. e4 e5 2. Bc4 Nf6 3. d3 Nc6 4. Nf3 Bc5 5. c3 d6 6. a4 a6 7. Nbd2 O-O 8. h3
Be6 9. O-O Qd7 10. Re1 Ba7 11. Nf1 h6 12. a5 Rfe8 13. Bxe6 fxe6 14. Be3 Qf7 15.
Bxa7 Rxa7 16. d4 exd4 17. cxd4 d5 18. e5 Nh5 19. Ra3 Rf8 20. Qd2 Raa8 21. Rb3
Rab8 22. Rc1 Qf4 23. Re3 Qf7 24. N1h2 Na7 25. Ne1 Nb5 26. Nhf3 Nf4 27. Kh2 Qh5
28. Ng1 Qf5 29. g3 Ng6 30. f4 h5 31. Ng2 Ne7 32. Nf3 Qg6 33. Ngh4 Qh6 34. Qd3
Nf5 35. Nxf5 Rxf5 36. Rf1 Rbf8 37. Nh4 R5f7 38. Ref3 g5 39. fxg5 Qxg5 40. Rxf7
Rxf7 41. Rxf7 Kxf7 42. Qh7+ Ke8 43. Nf3 Qe3 44. Qxh5+ Ke7 45. h4 Nxd4 46. Qh7+
Ke8 47. Qg6+ Ke7 48. Qf6+ Kd7 49. Qf7+ Kc6 50. Nxd4+ Qxd4 51. Qxe6+ Kc5 52.
Qe7+ Kc6 53. Qf6+ Kb5 54. Qf1+ Kc6 55. Qe2 Kd7 56. h5 Qb4 57. h6 Qf8 58. Qg4+
Ke7 59. Qf4 Qh8 60. g4 d4 61. g5 d3 62. g6 d2 63. g7 Qe8 64. Qg5+ Kd7 65. Qxd2+
Ke6 66. Qg5 Qg8 67. Qg6+ Kxe5 68. h7 Qb3 69. Qg3+ 1-0

[Event "Madrid-chT 2223"]
[Site "Madrid"]
[Date "2023.01.29"]
[Round "7.3"]
[White "Alfaya Marcelo, Roberto"]
[Black "Lianes Garcia, Marcos"]
[Result "1/2-1/2"]
[WhiteElo "2252"]
[BlackElo "2409"]
[PlyCount "47"]
[EventDate "2022.11.20"]
[EventType "team-tourn"]
[EventRounds "14"]
[EventCountry "ESP"]
[SourceTitle "Ajedrez en Madrid"]
[Source "lmi"]
[SourceDate "2022.11.21"]
[SourceVersion "1"]
[SourceVersionDate "2023.03.23"]
[SourceQuality "1"]
[WhiteTeam "San Sebastian de los Reyes"]
[BlackTeam "Collado Villalba"]
[WhiteTeamCountry "ESP"]
[BlackTeamCountry "ESP"]

1. d4 d5 2. c4 e6 3. Nf3 Nf6 4. e3 Be7 5. b3 O-O 6. Bb2 b6 7. Bd3 Bb7 8. O-O
Nbd7 9. Nc3 c5 10. Rc1 Rc8 11. Qe2 Qc7 12. cxd5 exd5 13. Bf5 Rcd8 14. Rfd1 Rfe8
15. dxc5 bxc5 16. Bxd7 Qxd7 17. Na4 Rc8 18. Ne5 Qe6 19. Qb5 Ba6 20. Qa5 Bd8 21.
Qe1 Be7 22. Qa5 Bd8 23. Qe1 Be7 24. Qa5 1/2-1/2

[Event "Madrid-chT 2223"]
[Site "Madrid"]
[Date "2023.01.29"]
[Round "7.4"]
[White "Martin Duque, Jesus"]
[Black "Martinez Fernandez, Raul"]
[Result "1-0"]
[WhiteElo "2385"]
[BlackElo "2206"]
[PlyCount "97"]
[EventDate "2022.11.20"]
[EventType "team-tourn"]
[EventRounds "14"]
[EventCountry "ESP"]
[SourceTitle "Ajedrez en Madrid"]
[Source "lmi"]
[SourceDate "2022.11.21"]
[SourceVersion "1"]
[SourceVersionDate "2023.03.23"]
[SourceQuality "1"]
[WhiteTeam "Collado Villalba"]
[BlackTeam "San Sebastian de los Reyes"]
[WhiteTeamCountry "ESP"]
[BlackTeamCountry "ESP"]

1. Nf3 Nf6 2. b3 d5 3. Bb2 Bf5 4. g3 e6 5. Bg2 Be7 6. d3 h6 7. Nbd2 O-O 8. O-O
a5 9. a3 c5 10. Re1 Nc6 11. Ne5 Nxe5 12. Bxe5 Nd7 13. Bb2 Bh7 14. e4 Nb6 15. a4
c4 16. Qg4 Bg5 17. h4 f5 18. Qe2 Bxd2 19. Qxd2 fxe4 20. Bd4 e5 21. Bc5 c3 22.
Qxc3 Qc8 23. b4 Nd7 24. Bh3 Bf5 25. Bxf5 Rxf5 26. dxe4 d4 27. Bxd4 Rf7 28.
Qxc8+ Rxc8 29. Be3 axb4 30. Re2 Rc4 31. Ba7 Rf8 32. Rd1 Nf6 33. a5 Rfc8 34.
Rdd2 Rxe4 35. Rxe4 Nxe4 36. Rd7 Nc5 37. Rd5 Na6 38. Rxe5 Rxc2 39. Rb5 Rc7 40.
h5 Kf7 41. Be3 Ke6 42. Kf1 Rd7 43. Ke2 Kd6 44. Kd3 Nc7 45. Rb6+ Ke5+ 46. Kc4
Nd5 47. Bd4+ Kf5 48. Rg6 Nc7 49. Bxg7 1-0

[Event "Madrid-chT 2223"]
[Site "Madrid"]
[Date "2023.01.29"]
[Round "7.5"]
[White "Hernandez Ramos, David"]
[Black "Suarez Uriel, Adrian"]
[Result "0-1"]
[WhiteElo "2093"]
[BlackElo "2365"]
[PlyCount "86"]
[EventDate "2022.11.20"]
[EventType "team-tourn"]
[EventRounds "14"]
[EventCountry "ESP"]
[SourceTitle "Ajedrez en Madrid"]
[Source "lmi"]
[SourceDate "2022.11.21"]
[SourceVersion "1"]
[SourceVersionDate "2023.03.23"]
[SourceQuality "1"]
[WhiteTeam "San Sebastian de los Reyes"]
[BlackTeam "Collado Villalba"]
[WhiteTeamCountry "ESP"]
[BlackTeamCountry "ESP"]

1. d4 Nf6 2. c4 b6 3. Nc3 Bb7 4. f3 d5 5. cxd5 Nxd5 6. Nxd5 Qxd5 7. e4 Qd6 8.
Be3 e5 9. Ne2 Nd7 10. Nc3 a6 11. Be2 Qg6 12. O-O exd4 13. Bxd4 Bc5 14. Bf2 Rd8
15. Qc1 O-O 16. Qf4 Bd6 17. Qh4 Nc5 18. Rfd1 Ne6 19. Bc4 b5 20. Bxe6 Qxe6 21.
Ne2 Qe5 22. Bd4 Bc5 23. Qf2 Bxd4 24. Rxd4 c5 25. Rxd8 Rxd8 26. Nc3 Rd3 27. Qe1
b4 28. Nd1 Qd4+ 29. Kh1 h5 30. Rc1 Bc8 31. Qg1 Be6 32. a3 bxa3 33. bxa3 Rxa3
34. Qxd4 cxd4 35. Kg1 Ra2 36. Nf2 a5 37. Rd1 Bb3 38. Rc1 a4 39. Rc8+ Kh7 40.
Nd3 Rd2 41. Nc1 d3 42. Kf1 Rd1+ 43. Kf2 Rxc1 0-1

[Event "Madrid-chT 2223"]
[Site "Madrid"]
[Date "2023.01.29"]
[Round "7.6"]
[White "Quispe Arteaga, Gabriel"]
[Black "Solanilla Olcese, Ada"]
[Result "1-0"]
[WhiteElo "2376"]
[BlackElo "1315"]
[PlyCount "45"]
[EventDate "2022.11.20"]
[EventType "team-tourn"]
[EventRounds "14"]
[EventCountry "ESP"]
[SourceTitle "Ajedrez en Madrid"]
[Source "lmi"]
[SourceDate "2022.11.21"]
[SourceVersion "1"]
[SourceVersionDate "2023.03.23"]
[SourceQuality "1"]
[WhiteTeam "Collado Villalba"]
[BlackTeam "San Sebastian de los Reyes"]
[WhiteTeamCountry "ESP"]
[BlackTeamCountry "ESP"]

1. c4 e6 2. Nc3 d5 3. d4 Nf6 4. cxd5 exd5 5. Bg5 Be7 6. e3 c6 7. Bd3 Be6 8.
Nge2 Qc8 9. Qc2 h6 10. Bh4 Nbd7 11. Nf4 Nb6 12. Nxe6 Qxe6 13. O-O Bd6 14. Bf5
Qe7 15. e4 g5 16. Rae1 Kf8 17. exd5 Qc7 18. Bg3 Bxg3 19. fxg3 Nbxd5 20. Nxd5
Nxd5 21. Be6 Nf4 22. gxf4 fxe6 23. fxg5+ 1-0

[Event "Madrid-chT 2223"]
[Site "Madrid"]
[Date "2023.02.04"]
[Round "8.1"]
[White "Martinez Reyes, Pedro Ramon"]
[Black "Candela Perez, Jose"]
[Result "1-0"]
[WhiteElo "2384"]
[BlackElo "2307"]
[PlyCount "47"]
[EventDate "2022.11.20"]
[EventType "team-tourn"]
[EventRounds "14"]
[EventCountry "ESP"]
[SourceTitle "Ajedrez en Madrid"]
[Source "lmi"]
[SourceDate "2022.11.21"]
[SourceVersion "1"]
[SourceVersionDate "2023.03.23"]
[SourceQuality "1"]
[WhiteTeam "Blanco y Negro"]
[BlackTeam "Alcala de Henares"]
[WhiteTeamCountry "ESP"]
[BlackTeamCountry "ESP"]

1. e4 e5 2. Nf3 Nc6 3. Bb5 a6 4. Ba4 d6 5. Bxc6+ bxc6 6. d4 f6 7. Nc3 Ne7 8. h4
Be6 9. Be3 Qb8 10. Qd3 Qxb2 11. Rb1 Qa3 12. O-O Ng6 13. Rb7 exd4 14. Nd5 Qxd3
15. Nxc7+ Kf7 16. Nxa8+ Be7 17. cxd3 dxe3 18. fxe3 Bxa2 19. Nc7 Ne5 20. Ra1 Be6
21. Nxe6 Nxf3+ 22. gxf3 Kxe6 23. Rxa6 Rc8 24. f4 1-0

[Event "Madrid-chT 2223"]
[Site "Madrid"]
[Date "2023.02.04"]
[Round "8.2"]
[White "Fernandez Lledo, Javier"]
[Black "Taboas Rodriguez, Daniel"]
[Result "1/2-1/2"]
[WhiteElo "2260"]
[BlackElo "2368"]
[PlyCount "111"]
[EventDate "2022.11.20"]
[EventType "team-tourn"]
[EventRounds "14"]
[EventCountry "ESP"]
[SourceTitle "Ajedrez en Madrid"]
[Source "lmi"]
[SourceDate "2022.11.21"]
[SourceVersion "1"]
[SourceVersionDate "2023.03.23"]
[SourceQuality "1"]
[WhiteTeam "Alcala de Henares"]
[BlackTeam "Blanco y Negro"]
[WhiteTeamCountry "ESP"]
[BlackTeamCountry "ESP"]

1. e4 e6 2. d4 d5 3. Nc3 Nc6 4. Nf3 Nf6 5. e5 Ne4 6. Ne2 Be7 7. Ng3 b6 8. c3
Bb7 9. Bd3 Na5 10. Qe2 Nxg3 11. hxg3 c5 12. Be3 Qd7 13. Nd2 cxd4 14. cxd4 Nc4
15. Rc1 Rc8 16. Nxc4 dxc4 17. Bxc4 Bxg2 18. Bb5 Bb4+ 19. Kd1 Rxc1+ 20. Bxc1 Bc6
21. Bxc6 Qxc6 22. Rh4 Kd7 23. Be3 Be7 24. d5 exd5 25. Rd4 Kc7 26. Qf3 Qe6 27.
Rxd5 Qxd5+ 28. Qxd5 Rd8 29. Qxd8+ Bxd8 30. Ke2 Kc6 31. f4 Kd5 32. Kf3 h5 33.
Bd2 g6 34. Be3 a6 35. Bf2 b5 36. Be3 a5 37. Bf2 a4 38. Be3 Ba5 39. Bf2 Bb4 40.
g4 hxg4+ 41. Kxg4 Ke4 42. Bb6 Bf8 43. a3 Bh6 44. Bc7 Kd3 45. Ba5 Kc2 46. Bc3
Bf8 47. Kg5 Bxa3 48. bxa3 Kxc3 49. Kf6 b4 50. axb4 a3 51. Kxf7 a2 52. e6 a1=Q
53. e7 Qa2+ 54. Kf8 Qc4 55. e8=Q Qxf4+ 56. Kg7 1/2-1/2

[Event "Madrid-chT 2223"]
[Site "Madrid"]
[Date "2023.02.04"]
[Round "8.3"]
[White "Hidalgo Duque, Carlos"]
[Black "Medina Diaz, Rafael Alejandro"]
[Result "1-0"]
[WhiteElo "2236"]
[BlackElo "2248"]
[PlyCount "89"]
[EventDate "2022.11.20"]
[EventType "team-tourn"]
[EventRounds "14"]
[EventCountry "ESP"]
[SourceTitle "Ajedrez en Madrid"]
[Source "lmi"]
[SourceDate "2022.11.21"]
[SourceVersion "1"]
[SourceVersionDate "2023.03.23"]
[SourceQuality "1"]
[WhiteTeam "Blanco y Negro"]
[BlackTeam "Alcala de Henares"]
[WhiteTeamCountry "ESP"]
[BlackTeamCountry "ESP"]

1. d4 d5 2. c4 c6 3. Nf3 Nf6 4. e3 e6 5. Nc3 Nbd7 6. Be2 dxc4 7. a4 Nb6 8. a5
Nbd5 9. Bxc4 Be7 10. O-O O-O 11. Qe2 c5 12. e4 Nb4 13. Rd1 Bd7 14. dxc5 Bxc5
15. e5 Nfd5 16. Nxd5 exd5 17. Bxd5 Nxd5 18. Rxd5 Qc7 19. Be3 Be7 20. Rc1 Bc6
21. Nd4 Rac8 22. Qg4 Bxd5 23. Rxc7 Rxc7 24. Nf5 g6 25. Nxe7+ Rxe7 26. Qd4 Bc6
27. h3 Rfe8 28. Bf4 a6 29. Kh2 Re6 30. Qc3 f6 31. exf6 Kf7 32. Bg5 Re2 33. Qg3
R8e5 34. Bd2 Ke6 35. Qg4+ Kf7 36. Bc3 R2e4 37. Qg3 Rd5 38. f3 Re2 39. Qh4 h5
40. Qc4 Re6 41. h4 g5 42. hxg5 Rxg5 43. Qf4 Rg8 44. Qh6 Ke8 45. f7+ 1-0

[Event "Madrid-chT 2223"]
[Site "Madrid"]
[Date "2023.02.04"]
[Round "8.5"]
[White "Renteria Becerra, Jorge Elicer"]
[Black "Yañez Rodriguez, Wilbert"]
[Result "0-1"]
[WhiteElo "2209"]
[BlackElo "2103"]
[PlyCount "40"]
[EventDate "2022.11.20"]
[EventType "team-tourn"]
[EventRounds "14"]
[EventCountry "ESP"]
[SourceTitle "Ajedrez en Madrid"]
[Source "lmi"]
[SourceDate "2022.11.21"]
[SourceVersion "1"]
[SourceVersionDate "2023.03.23"]
[SourceQuality "1"]
[WhiteTeam "Blanco y Negro"]
[BlackTeam "Alcala de Henares"]
[WhiteTeamCountry "ESP"]
[BlackTeamCountry "ESP"]

1. e4 c5 2. Nf3 g6 3. d4 cxd4 4. Nxd4 Nc6 5. Nc3 Bg7 6. Be3 Nf6 7. Nxc6 bxc6 8.
e5 Ng8 9. Bd4 Qa5 10. f4 f6 11. Qe2 fxe5 12. fxe5 Nh6 13. g4 O-O 14. O-O-O Rf4
15. h3 Nf7 16. Be3 Rb4 17. a3 Rxb2 18. Kxb2 Rb8+ 19. Ka2 Qxc3 20. Bd4 Rb2+ 0-1

[Event "Madrid-chT 2223"]
[Site "Madrid"]
[Date "2023.02.04"]
[Round "8.6"]
[White "Candela Martin, Alvaro"]
[Black "Alba Linero, Emilio"]
[Result "0-1"]
[WhiteElo "1848"]
[BlackElo "2163"]
[PlyCount "108"]
[EventDate "2022.11.20"]
[EventType "team-tourn"]
[EventRounds "14"]
[EventCountry "ESP"]
[SourceTitle "Ajedrez en Madrid"]
[Source "lmi"]
[SourceDate "2022.11.21"]
[SourceVersion "1"]
[SourceVersionDate "2023.03.23"]
[SourceQuality "1"]
[WhiteTeam "Alcala de Henares"]
[BlackTeam "Blanco y Negro"]
[WhiteTeamCountry "ESP"]
[BlackTeamCountry "ESP"]

1. e4 e5 2. Nf3 Nc6 3. Bc4 Bc5 4. O-O Nf6 5. d3 d6 6. c3 O-O 7. Bb3 a6 8. Nbd2
d5 9. exd5 Nxd5 10. Re1 f6 11. Ne4 Be7 12. d4 exd4 13. Nxd4 f5 14. Ng3 f4 15.
Bxf4 Rxf4 16. Bxd5+ Qxd5 17. Nxc6 Qxc6 18. Rxe7 Bg4 19. Qd2 Raf8 20. Rf1 h5 21.
f3 h4 22. fxg4 hxg3 23. Rxg7+ Kxg7 24. Rxf4 Qc5+ 25. Qd4+ Qxd4+ 26. Rxd4 Rf1+
27. Kxf1 gxh2 28. Rd2 h1=Q+ 29. Kf2 Qh4+ 30. Kf3 Qf6+ 31. Ke2 Qe6+ 32. Kd1 Qxa2
33. Kc2 Qa4+ 34. Kb1 Qxg4 35. b3 c5 36. Kc1 b5 37. Kb2 a5 38. Rc2 c4 39. b4
axb4 40. cxb4 Qg3 41. Rc3 Qxg2+ 42. Ka3 Qa8+ 43. Kb2 Qa4 44. Kc1 Qxb4 45. Rc2
Kf6 46. Rb2 Qe1+ 47. Kc2 b4 48. Rb1 b3+ 49. Kb2 Qd2+ 50. Ka3 Qa2+ 51. Kb4 Qxb1
52. Kc3 Qc2+ 53. Kb4 b2 54. Ka3 Qb3# 0-1

[Event "Madrid-chT 2223"]
[Site "Madrid"]
[Date "2023.02.05"]
[Round "8.1"]
[White "Pulvett Marin, Daniel Eduardo"]
[Black "Plazuelo Pascual, Juan"]
[Result "1/2-1/2"]
[WhiteElo "2507"]
[BlackElo "2453"]
[PlyCount "24"]
[EventDate "2022.11.20"]
[EventType "team-tourn"]
[EventRounds "14"]
[EventCountry "ESP"]
[SourceTitle "Ajedrez en Madrid"]
[Source "lmi"]
[SourceDate "2022.11.21"]
[SourceVersion "1"]
[SourceVersionDate "2023.03.23"]
[SourceQuality "1"]
[WhiteTeam "Collado Villalba"]
[BlackTeam "Alcorcon Diagonal"]
[WhiteTeamCountry "ESP"]
[BlackTeamCountry "ESP"]

1. d4 d5 2. c4 e6 3. Nf3 a6 4. cxd5 exd5 5. Nc3 c6 6. Qc2 Nf6 7. Bg5 Be6 8. e3
h6 9. Bf4 c5 10. Be2 Nc6 11. O-O cxd4 12. exd4 Bd6 1/2-1/2

[Event "Madrid-chT 2223"]
[Site "Madrid"]
[Date "2023.02.05"]
[Round "8.2"]
[White "Neagu, Roberto Florin"]
[Black "Alonso Garcia, Aaron"]
[Result "0-1"]
[WhiteElo "2321"]
[BlackElo "2424"]
[PlyCount "138"]
[EventDate "2022.11.20"]
[EventType "team-tourn"]
[EventRounds "14"]
[EventCountry "ESP"]
[SourceTitle "Ajedrez en Madrid"]
[Source "lmi"]
[SourceDate "2022.11.21"]
[SourceVersion "1"]
[SourceVersionDate "2023.03.23"]
[SourceQuality "1"]
[WhiteTeam "Alcorcon Diagonal"]
[BlackTeam "Collado Villalba"]
[WhiteTeamCountry "ESP"]
[BlackTeamCountry "ESP"]

1. Nf3 d6 2. c4 e5 3. Nc3 Nc6 4. d4 exd4 5. Nxd4 Nf6 6. g3 Bd7 7. Bg2 g6 8. O-O
Bg7 9. c5 d5 10. Nc2 Ne7 11. Bf4 c6 12. Qd2 O-O 13. Rac1 Qc8 14. Rfd1 Bh3 15.
Bh6 Bxg2 16. Bxg7 Kxg7 17. Kxg2 Nf5 18. Nd4 Re8 19. Qf4 Nxd4 20. Qxd4 Qf5 21.
Rd3 Rad8 22. Rcd1 h5 23. Rf3 Qe5 24. Qxe5 Rxe5 25. Rf4 Nd7 26. b4 a5 27. a3
axb4 28. axb4 Nf8 29. Rfd4 Ne6 30. R4d3 g5 31. e3 g4 32. Ne2 Ra8 33. Nd4 Ra2
34. R3d2 Ra4 35. b5 Nxd4 36. exd4 Re4 37. bxc6 bxc6 38. Rb1 Rexd4 39. Rxd4 Rxd4
40. Rb6 Rc4 41. Rxc6 Rc1 42. h3 f5 43. hxg4 hxg4 44. f4 Rc2+ 45. Kf1 Kf7 46.
Rc8 Ke7 47. c6 Rc5 48. Ke2 Kd6 49. Rf8 Kxc6 50. Rf6+ Kb5 51. Rxf5 Kc4 52. Rf8
Kc3 53. Ra8 d4 54. Ra3+ Kb4 55. Ra8 Kc4 56. Kd2 Rb5 57. Kc2 d3+ 58. Kc1 Rh5 59.
Kd2 Rh2+ 60. Kd1 Rf2 61. Rc8+ Kd4 62. Re8 Rf3 63. Rd8+ Ke3 64. Re8+ Kf2 65. Kd2
Kxg3 66. Rd8 Kxf4 67. Ke1 Kg3 68. Rg8 Kh3 69. Rh8+ Kg2 0-1

[Event "Madrid-chT 2223"]
[Site "Madrid"]
[Date "2023.02.05"]
[Round "8.3"]
[White "Lianes Garcia, Marcos"]
[Black "Lozano Ramirez, Nestor Favian"]
[Result "1-0"]
[WhiteElo "2411"]
[BlackElo "2238"]
[PlyCount "63"]
[EventDate "2022.11.20"]
[EventType "team-tourn"]
[EventRounds "14"]
[EventCountry "ESP"]
[SourceTitle "Ajedrez en Madrid"]
[Source "lmi"]
[SourceDate "2022.11.21"]
[SourceVersion "1"]
[SourceVersionDate "2023.03.23"]
[SourceQuality "1"]
[WhiteTeam "Collado Villalba"]
[BlackTeam "Alcorcon Diagonal"]
[WhiteTeamCountry "ESP"]
[BlackTeamCountry "ESP"]

1. e4 g6 2. d4 Bg7 3. Nc3 d6 4. Be3 a6 5. Qd2 b5 6. O-O-O Bb7 7. f3 Nd7 8. h4
h6 9. Nh3 Ngf6 10. g4 Nb6 11. Bd3 Nfd7 12. Qf2 b4 13. Ne2 c5 14. dxc5 dxc5 15.
Bxc5 Bxb2+ 16. Kxb2 Na4+ 17. Ka1 Naxc5 18. Qd4 e5 19. Qxb4 Qxh4 20. g5 Rb8 21.
Qd2 Ke7 22. Bc4 Kf8 23. Qd6+ Kg7 24. Qe7 Rbf8 25. gxh6+ Rxh6 26. Ng5 Qxh1 27.
Rxh1 Rxh1+ 28. Kb2 Rb8 29. Ka3 Rb1 30. Nxf7 Rb4 31. Nxe5+ Kh6 32. Ng4+ 1-0

[Event "Madrid-chT 2223"]
[Site "Madrid"]
[Date "2023.02.05"]
[Round "8.4"]
[White "Cubas Cabrera, Angel Luis"]
[Black "Martin Duque, Jesus"]
[Result "1/2-1/2"]
[WhiteElo "2199"]
[BlackElo "2379"]
[PlyCount "161"]
[EventDate "2022.11.20"]
[EventType "team-tourn"]
[EventRounds "14"]
[EventCountry "ESP"]
[SourceTitle "Ajedrez en Madrid"]
[Source "lmi"]
[SourceDate "2022.11.21"]
[SourceVersion "1"]
[SourceVersionDate "2023.03.23"]
[SourceQuality "1"]
[WhiteTeam "Alcorcon Diagonal"]
[BlackTeam "Collado Villalba"]
[WhiteTeamCountry "ESP"]
[BlackTeamCountry "ESP"]

1. d4 Nf6 2. c4 e6 3. g3 c5 4. d5 exd5 5. cxd5 d6 6. Nc3 g6 7. Bg2 Bg7 8. Nf3
O-O 9. O-O Re8 10. Re1 Nbd7 11. h3 a6 12. a4 Ne4 13. Nxe4 Rxe4 14. Qc2 Rb4 15.
Ra2 b5 16. axb5 Rxb5 17. Bd2 Rab8 18. Bc3 Bxc3 19. bxc3 Qf6 20. Nd2 h5 21. Ne4
Qe7 22. h4 Ne5 23. Ng5 c4 24. Qe4 Bf5 25. Qd4 Rb1 26. Ra1 Rxe1+ 27. Rxe1 Nd3
28. Rf1 Nc5 29. Qxc4 Rb2 30. Bf3 a5 31. Ra1 a4 32. Rxa4 Nxa4 33. Qxa4 Bd3 34.
e3 Qf6 35. Qd4 Qxd4 36. cxd4 Kf8 37. g4 hxg4 38. Bxg4 Bc4 39. Bf3 Rb5 40. Ne4
Ke7 41. Nc3 Rb3 42. Ne2 Rb2 43. Nf4 Kf6 44. Kg2 Kg7 45. Kg3 Kh6 46. Be4 Rb5 47.
Bf3 Ra5 48. Kg4 f6 49. Kg3 g5 50. hxg5+ fxg5 51. Ne6 Bxd5 52. Bxd5 Rxd5 53. Kg4
Ra5 54. f4 gxf4 55. Kxf4 Kg6 56. e4 Kf6 57. Nc7 Ke7 58. Nd5+ Kd7 59. Nf6+ Kc6
60. Ke3 Ra3+ 61. Kf4 Ra1 62. Kf5 Ra4 63. d5+ Kc7 64. Ke6 Ra8 65. Ke7 Rb8 66.
Ne8+ Kb6 67. Nxd6 Kc5 68. Ke6 Ra8 69. Ke5 Rh8 70. Nf5 Re8+ 71. Kf4 Rd8 72. d6
Kc6 73. Ke5 Kd7 74. Kf6 Rf8+ 75. Ke5 Re8+ 76. Kd5 Ra8 77. e5 Ra5+ 78. Ke4 Ra6
79. Kd5 Ra5+ 80. Kd4 Ra4+ 81. Kd5 1/2-1/2